Culture Générale - Série 123 - Statistiques

Statistiques générales
  • Ce quiz a été pris 508 fois
  • Le résultat moyen est 6 sur 10
Statistiques - réponses
Question Réponse % Correct
Sur quelle île méditerranéenne se trouve la ville de Palerme ? Sicile
95%
De quelle couleur est le chapeau du Professeur Tournesol ? Vert
86%
Quelle équipe du tournoi des VI Nations a le poireau pour emblème ? Pays de Galles
76%
Quelle héroïne de dessin animé subit la jalousie de Javotte et Anastasie ? Cendrillon
70%
Quel était l'instrument de prédilection de Vladimir Horowitz ? Piano
69%
Comment écrit-on 1 515 en chiffres romains ? MDXV
61%
A qui est adressée la lettre écrite par Boris Vian dans "Le Déserteur" ? Au président
56%
Quel nom désigne à la fois une touffe de cheveux et une effronterie ? Toupet
30%
En 1987, quel "soir" était chanté par le duo Blues Trottoir ? Un soir de pluie
23%
Quel candidat à la présidentielle de la République française a eu pour slogan "Présider autrement" ? Lionel Jospin
18%
Aucun quiz correspondant
Distribution des résultats
% des personnes avec chaque résultat
Percentile par nombre de réponses
Votre historique - résultats
Vous n’avez pas pris ce quiz